| 000 | 01178cam a22003376a 4500 | ||
|---|---|---|---|
| 999 |
_c861 _d861 |
||
| 001 | 1983153 | ||
| 003 | CaAEU | ||
| 005 | 20210621103747.0 | ||
| 008 | 970402s1997 onca b 001 0 eng | ||
| 016 | _a97006733X | ||
| 020 | _a0256195226 | ||
| 035 | _aocm36841136 | ||
| 040 |
_aCaOONL _beng _cCaOONL _dAEU |
||
| 050 |
_aHG 4521 _b.B564 1997 |
||
| 055 | 0 | 1 | _aHG4521 |
| 082 | 0 |
_a332.63/2 _221 |
|
| 090 |
_aHG 4521 B564 1997 _bAEU |
||
| 090 |
_aHG 4521 B564 1997 _bACAL |
||
| 245 | 0 | 0 |
_aInvestments / _cZvi Bodie ... [et al.]. |
| 250 | _a2nd Canadian ed. | ||
| 260 |
_aToronto : _bIrwin : _brepresented in Canada by McGraw-Hill Ryerson Limited, _cc1997. |
||
| 300 |
_axxix, 1058 p. : _bill. ; _c24 cm. _e1 instructors manual. |
||
| 336 |
_atext _btxt _2rdacontent |
||
| 337 |
_aunmediated _bn _2rdamedia |
||
| 338 |
_avolume _bnc _2rdacarrier |
||
| 500 | _aAccompanied by an Instructor's manual with solutions to accompany investments, second Canadian edition. | ||
| 504 | _aIncludes bibliographical references and indexes. | ||
| 700 | 1 | _aBodie, Zvi. | |
| 740 | 0 | _aInstructor's manual with solutions to accompany investments, second Canadian edition. | |
| 942 |
_2lcc _cBK _nSO |
||